00534nam a2200205 a 4500001001300000003000900013005001700022008004100039020001000080082001800090100001900108245005500127260003600182300000900218500003500227505001200262650002300274650001200297700001900309nice12345678IN_TiNIC20260116012843.0050524s1992 newa grp 000 0 eng  ac12500a305.6297bAHM aAhmed, Akbar S aPostmodernism and Islamb Predicament and Promise. aNew DelhibPenguin Books c1992 a294p aincludes index and biblioraphy2 aIndices aIslam-20th Century aMuslims1 aAhmed, Akbar S